|
|
|
|
| LEADER |
00000cam a2200000 a 4500 |
| 001 |
vtls001491683 |
| 003 |
SK-MaSNL |
| 005 |
20260301074233.0 |
| 008 |
230501s1973 xr dbolfrn 001 0 cze |
| 015 |
|
|
|a SNBA1973
|
| 020 |
|
|
|q (viazané)
|
| 035 |
|
|
|a urn:nbn:sk:snk-am00ijwi
|
| 035 |
|
|
|a 51859AB6-A4FA-4359-965A-94FAEF9617BD
|
| 040 |
|
|
|a SNK
|b slo
|c SNK
|e AACR2
|
| 041 |
0 |
|
|a cze
|
| 044 |
|
|
|a xr
|c CZ
|
| 072 |
|
7 |
|a 616
|x Patológia. Klinická medicína
|2 konspekt
|
| 080 |
|
|
|a 616.379-008.64
|2 2011
|
| 080 |
|
|
|a (048.8)
|2 2001
|
| 100 |
1 |
|
|a Foit, Richard,
|d 1897-1973
|4 aut
|9 162235
|
| 245 |
1 |
0 |
|a Diabetes mellitus
|c Richard Foit, Jiří Syllaba a spolupracovníci ; uspořádal a redigoval Jiří Syllaba
|
| 250 |
|
|
|a 2. přeprac. a dopl. vyd.
|
| 260 |
|
|
|a Praha
|b Avicenum
|c 1973
|
| 300 |
|
|
|a 615 strán
|b fotografie, grafy, mapy, schémy, tabuľky
|c 24 cm
|
| 366 |
|
|
|e 2000 výtl.
|
| 504 |
|
|
|a Bibliografia na strane 561-608. Register
|
| 650 |
0 |
7 |
|a diabetes mellitus
|2 SNKPH
|9 72741
|
| 655 |
|
7 |
|a monografie
|2 SNKPH
|9 70139
|
| 700 |
1 |
|
|a Syllaba, Jiří,
|d 1902-1997
|4 aut
|4 com
|9 396539
|
| 852 |
|
|
|a Slovenská národná knižnica
|
| 954 |
|
|
|a odborná, vedecká literatúra cudzojazyčná (svetová)
|2 lita
|
| 958 |
|
|
|a OND
|
| 958 |
|
|
|a NB
|
| 958 |
|
|
|a MI
|
| 958 |
|
|
|a EUIPO
|
| 999 |
|
|
|c 646641
|d 648571
|
| 952 |
|
|
|a SNK
|b SNK
|y VYP
|7 0
|p 17A0454186
|o snkSC 32777 D1
|i snkKIP 1352/74
|0 0
|1 0
|4 0
|d 2005-02-01
|l 0
|r 2026-02-23 18:10:17
|w 2026-02-23
|
| 952 |
|
|
|a SNK
|b SNK
|y PREZ
|7 0
|p 17A0927886
|o snkSC 32777
|i snkKIP 1351/74
|0 0
|1 0
|4 0
|d 2012-09-27
|f 1
|l 0
|r 2025-09-30 00:00:00
|w 2026-02-23
|